000 00625nam a2200169 a 4500
008 110901s1980 ||||||||||||||||| || u
020 _a0683061461
050 _aQM 23.2 Moo
100 _aMoore, Keith L
245 1 0 _aClinically oriented anatomy
_cby Keith L. Moore
260 _aBaltimore:
_bWilliams and Wilkins
_c1980
300 _aIxxvi, 1257p.: ill.
350 _a0.00
650 3 _aANATOMY
650 4 _aANATOMY, HUMAN
995 _aMICHAEL CHILUFYA SATA OPEN ACCESS
_D0.00
_e900810
_FCBU-SCHOOL OF MEDICINE LIBRARY (Ndola)
_H1
_I0.00
_jQM 23.2 Moo
_M1
_UAVAILABLE
_WDec 6, 2011
_y900810
_ZMedical Library Open Access Collection
999 _c31056
_d31056